1263 1356 1052 1197 1992 1504 1814 1346 1345 1563 1781 1395 1898 1152 1314 1385 1881 1468 1866 1223 1782 1811 1830 1458 1969 1061 1860 1016 1989 1398 1281 1880 1525 1095 1013 1247 1045 1391 1214 1050 1872 1933 1568 1488 1118 1861 1670 1562 1088 1586 1975 1898 1891 1896 1138 1288 1058 1741 1169 1183 1115 1687 1784 1982 1906 1974 1400 1902 1160 1395 1743 1309 1904 1427 1279 1360 1654 1179 1296 1309 1728 1083 1154 1419 1782 1614 1498 1325 1973 1474 1362 1646 1882 1454 1987 1381 1045 1843 1449 BCNSPRNW ULIB Ver.6.0+V

เปลี่ยนเป็นภาษาไทย

Change to English
 แสดงรายละเอียดบรรณานุกรม
  กลับหน้าหลัก

Brief Record : Get Marc (ISO 2709) : E-mail record : QR code < ปิดหน้าต่าง
LEADER : 00000nam 2200000uu 4500
001    13399112864
003     ULIB
008    110914s2554||||th 000 0 tha d
020    9746434349 (เล่ม 2)
060 04 HM263^bม246ส ล2
245 00 เอกสารการสอนชุดวิชา สุขศึกษาและการประชาสัมพันธ์งานสาธารณสุข หน่วยที่ 9-15=^bHealth education and public relations for public health work /^cอดิศักด์ สัตย์ธรรม ... [และคนอื่นฯ]
246 31 Health education and public relations for public health work
250    ปรับปรุงครั้งที่ 1 พิมพ์ครั้งที่ 10
260    นนทบุรี :^bสำนักพิมพ์มหาวิทยาลัยสุโขทัยธรรมาธิราช,^c2554
300    2 เล่ม :^bภาพประกอบ ;^c30 ซม.
650  4 การประชาสัมพันธ์
650  4 การประชาสัมพันธ์^xสาธารณสุข
650  4 สาธารณสุข
650  4 สุขศึกษา
945    ^p264^l0^i030492
945    ^p264^l0^i030493
945    ^p264^l0^i030494
945    ^p264^l0^i030495
945    ^p264^l0^i030496
945    ^p264^l0^i030497
945    ^p264^l0^i030498
945    ^p264^l0^i030783
945    ^p264^l0^i030784
945    ^p264^l0^i030785
995    เกษร
999 ^a ใช้งานได้ทุกระบบ
รายการนี้ยังไม่มีแท็ก
คุณยังไม่ได้ล็อกอิน คุณสามารถมีกิจกรรมร่วมกับเว็บไซต์ได้ แต่ต้องล็อกอินก่อน ::
  ล็อกอิน

รายการสื่อสารสนเทศ

ลำดับที่ ประเภท เลขเรียก/บาร์โค้ด สถานที่ สถานะ
- ไม่พบข้อมูล -

รายการใกล้เคียง
    หัวเรื่อง [การประชาสัมพันธ์]
    หัวเรื่อง [สาธารณสุข]
    หัวเรื่อง [สุขศึกษา]

BibComment


ยังไม่เคยถูกคอมเมนท์

คอมเมนท์ทรัพยากรรายการนี้
  คอมเมนท์: เอกสารการสอนชุดวิ..


 Copyright 2026. Bcnsprnw @Library